Pracovný pomer na dobu určitú

Novela Zákonníka práce zákon č. 210/2003 Z.z. s účinnosťou od 1.7.2003 priniesol zásadné zmeny v ustanoveniach o pracovnom pomere na určitú dobu. Dôvody umožňujúce predĺžiť alebo opätovne dohodnúť pracovný pomer nad tri roky. Zvýhodňovanie alebo obmedzovanie zamestnanca v pracovnom pomere na určitú...

ver descrição completa

Na minha lista:
Detalhes bibliográficos
Autor principal: Jendrálová, Anna
Formato: Capítulo de Livro
Idioma:eslovaco
Assuntos:
Tags: Adicionar Tag
Sem tags, seja o primeiro a adicionar uma tag!

MARC

LEADER 00000naa$a2200000$$$4500
001 0016126
005 20230925073952.2
041 0 |a slo 
044 |a SK 
245 1 0 |a Pracovný pomer na dobu určitú  |c aut. Anna Jendrálová 
520 |a Novela Zákonníka práce zákon č. 210/2003 Z.z. s účinnosťou od 1.7.2003 priniesol zásadné zmeny v ustanoveniach o pracovnom pomere na určitú dobu. Dôvody umožňujúce predĺžiť alebo opätovne dohodnúť pracovný pomer nad tri roky. Zvýhodňovanie alebo obmedzovanie zamestnanca v pracovnom pomere na určitú dobu. 
610 2 0 |a Slovensko 
610 2 0 |a pomer pracovný na dobu určitú 
610 2 0 |a zákonník práce 
610 2 0 |a zmluvy pracovné 
610 2 0 |a vzťahy pracovnoprávne 
100 1 |a Jendrálová, Anna